Pravidlá športovej gymnastiky - muži platné od 1. januára 1980

Saved in:
Bibliographic Details
Format: Book
Language:Slovak
Published: Bratislava Šport 1980
Series:Pravidlá
Tags: Add Tag
No Tags, Be the first to tag this record!

MARC

LEADER 00000nam a2200000 4500
001 c110488
005 20250717113614.3
041 0 |a slo 
044 |a SK 
245 1 0 |a Pravidlá športovej gymnastiky - muži  |b platné od 1. januára 1980 
264 1 |a Bratislava  |b Šport  |c 1980 
300 |a 206 s. 
490 1 |a Pravidlá 
830 0 |a Pravidlá